[Event "LUX-ch AB"]
[Site "Differdingen"]
[Date "2007.04.15"]
[Round "9.16"]
[White "Ludewig Gambucci, Daniela"]
[Black "Scholtes, Theo"]
[Result "1/2-1/2"]
[WhiteElo "1417"]
[BlackElo "1720"]
[PlyCount "37"]
[EventDate "2007.04.07"]
[EventType "swiss"]
[EventRounds "9"]
[EventCountry "LUX"]
[SourceTitle "EXT 2008"]
[Source "ChessBase"]
[SourceDate "2007.11.25"]
[SourceVersion "1"]
[SourceVersionDate "2007.11.25"]
[SourceQuality "1"]

1. d4 Nf6 2. Nf3 g6 3. Bf4 Bg7 4. c3 0-0 5. e3 Nh5 6. Bg3 d6 7. Bd3 Nd7 8. Nbd2 Nxg3 9. hxg3 f5 10. Ng5 Nf6 11. Ndf3 h6 12. Nh3 e6 13. Nh4 Qe8 14. Nf4 g5 15. Nhg6 gxf4 16. Nxf4 e5 17. Nh5 Nxh5 18. Rxh5 Be6 19. Kd2 1/2-1/2

[Event "LUX-ch AB"]
[Site "Differdingen"]
[Date "2007.04.13"]
[Round "7.17"]
[White "Murzynski, Roman"]
[Black "Ludewig Gambucci, Daniela"]
[Result "1/2-1/2"]
[WhiteElo "1637"]
[BlackElo "1417"]
[PlyCount "50"]
[EventDate "2007.04.07"]
[EventType "swiss"]
[EventRounds "9"]
[EventCountry "LUX"]
[SourceTitle "EXT 2008"]
[Source "ChessBase"]
[SourceDate "2007.11.25"]
[SourceVersion "1"]
[SourceVersionDate "2007.11.25"]
[SourceQuality "1"]

1. e4 d6 2. d4 c6 3. Nf3 Nd7 4. Be2 Qc7 5. 0-0 e5 6. dxe5 Nxe5 7. Nxe5 dxe5 8. Bg5 Be7 9. Bxe7 Nxe7 10. Nc3 0-0 11. Bc4 Kh8 12. Qf3 Be6 13. Bb3 Bxb3 14. axb3 f5 15. Qh3 f4 16. Rfd1 Rfd8 17. Rxd8+ Qxd8 18. Rd1 Qa5 19. Qd7 Qb4 20. Qd6 Qxd6 21. Rxd6 Ng6 22. Rd7 Rb8 23. Na4 b5 24. Nc5 a5 25. Ne6 Nf8 1/2-1/2

[Event "LUX-ch AB"]
[Site "Differdingen"]
[Date "2007.04.09"]
[Round "3.13"]
[White "Berteau, Franck"]
[Black "Ludewig Gambucci, Daniela"]
[Result "1-0"]
[WhiteElo "1777"]
[BlackElo "1417"]
[PlyCount "79"]
[EventDate "2007.04.07"]
[EventType "swiss"]
[EventRounds "9"]
[EventCountry "LUX"]
[SourceTitle "EXT 2008"]
[Source "ChessBase"]
[SourceDate "2007.11.25"]
[SourceVersion "1"]
[SourceVersionDate "2007.11.25"]
[SourceQuality "1"]

1. d4 Nf6 2. Nf3 d6 3. Bg5 c6 4. e3 Nbd7 5. Bd3 h6 6. Bh4 Qc7 7. 0-0 e5 8. dxe5 dxe5 9. Nc3 Be7 10. Bf5 Bd6 11. Bg3 g6 12. Bxd7+ Bxd7 13. Qd2 Nh5 14. Ne4 Ke7 15. Nxd6 Qxd6 16. Qxd6+ Kxd6 17. Bxe5+ Ke7 18. Bxh8 Rxh8 19. Ne5 Be6 20. Rad1 Nf6 21. f3 Nd5 22. Rfe1 Nb4 23. c3 Nd5 24. Re2 Nb6 25. b3 h5 26. Red2 h4 27. e4 a5 28. c4 c5 29. Nd3 Nd7 30. Nf4 Nb8 31. Nd5+ Bxd5 32. Rxd5 Rh5 33. Rxh5 gxh5 34. Rd5 b6 35. Rxh5 Nd7 36. Kf2 Ke6 37. Rxh4 f6 38. f4 Nf8 39. Rh8 Ng6 40. f5+ 1-0

[Event "Luxembourg-ch"]
[Site "Luxembourg"]
[Date "1999.04.09"]
[Round "7"]
[White "Ludewig Gambucci, Daniela"]
[Black "Cordier, Gilbert"]
[Result "0-1"]
[WhiteElo "1396"]
[BlackElo "1425"]
[PlyCount "72"]
[EventDate "1999.04.03"]
[EventType "swiss"]
[EventRounds "9"]
[EventCountry "LUX"]
[SourceTitle "EXT 2005"]
[Source "ChessBase"]
[SourceDate "2004.11.15"]
[SourceVersion "1"]
[SourceVersionDate "2004.11.15"]
[SourceQuality "1"]

1. f4 Nf6 2. Nf3 d6 3. e3 c6 4. Be2 e5 5. fxe5 dxe5 6. 0-0 Bd6 7. d4 e4 8. Ne5 0-0 9. Nc3 Qc7 10. Rf4 Bxe5 11. dxe5 Qxe5 12. Qd4 Qxd4 13. exd4 Re8 14. h3 b5 15. b4 Bb7 16. Be3 Nbd7 17. Raf1 Nf8 18. R1f2 Ng6 19. Rf5 h6 20. g3 Bc8 21. Rxf6 gxf6 22. Rxf6 Bxh3 23. Bh5 Kg7 24. Rxc6 a5 25. Nd5 Rac8 26. Nc7 Rg8 27. bxa5 Kh7 28. a6 Ne7 29. Rxh6+ Kg7 30. Ne6+ fxe6 31. Rxe6 Bxe6 32. a7 Bd5 33. Bf4 Kh7 34. Kf2 Nf5 35. Be2 Rxc2 36. a3 Bc4 0-1

[Event "Luxembourg-ch"]
[Site "Luxembourg"]
[Date "1999.04.04"]
[Round "2"]
[White "Kirchen, Jerry"]
[Black "Ludewig Gambucci, Daniela"]
[Result "1-0"]
[WhiteElo "1648"]
[BlackElo "1396"]
[PlyCount "121"]
[EventDate "1999.04.03"]
[EventType "swiss"]
[EventRounds "9"]
[EventCountry "LUX"]
[SourceTitle "EXT 2005"]
[Source "ChessBase"]
[SourceDate "2004.11.15"]
[SourceVersion "1"]
[SourceVersionDate "2004.11.15"]
[SourceQuality "1"]

1. d4 d6 2. c4 c6 3. Nc3 Nd7 4. Nf3 Qc7 5. e4 e5 6. d5 g6 7. Bd3 Bg7 8. 0-0 Ngf6 9. Ng5 Nb6 10. f4 h6 11. Nf3 0-0 12. fxe5 dxe5 13. c5 Nbd7 14. b4 a6 15. d6 Qd8 16. Bb2 Nh5 17. Qb3 Kh7 18. a4 f5 19. Rac1 f4 20. Ne2 g5 21. g4 Nhf6 22. h3 Ng8 23. b5 Qf6 24. Rc4 Qg6 25. bxc6 bxc6 26. Bc3 h5 27. Qb2 Re8 28. Nc1 hxg4 29. hxg4 Nb8 30. Nh2 Nh6 31. Be2 Bf6 32. Nd3 Qg7 33. Rd1 Bd7 34. Qb7 Be6 35. Rb4 a5 36. Qxg7+ Kxg7 37. Rb7+ Nd7 38. Rc7 Ra6 39. Nxe5 Bxe5 40. Bxe5+ Kg6 41. Bxa6 Nxe5 42. Bb7 Nhxg4 43. Bxc6 Rd8 44. Nxg4 Nf3+ 45. Kf2 Bxg4 46. d7 Ne5 47. Rd5 Kf6 48. Bb5 Bf3 49. Ra7 Bxe4 50. Rd6+ Ke7 51. Rd4 Bf5 52. c6 Ng4+ 53. Ke2 f3+ 54. Kxf3 Ne5+ 55. Kg3 Bxd7 56. Rdxd7+ Nxd7 57. Rxd7+ Rxd7 58. cxd7 Kd8 59. Kg4 Ke7 60. Kxg5 Kd8 61. Kf5 1-0